Statistics for Biggest Asian Cities by Letter - A

Click here to take the quiz!

General Stats

  • This quiz has been taken 105 times
    (92 since last reset)
  • The average score is 12 of 18

Answer Stats

CountryPopulationCity% Correct
Turkey5.05 milAnkara
100%
United Arab Emirates1.50 milAbu Dhabi
98%
India8.50 milAhmedabad
98%
Jordan5.60 milAmman
98%
Turkmenistan1.39 milAshgabat
97%
Syria1.91 milAleppo
95%
Kazakhstan2.10 milAlmaty
95%
India2.30 milAgra
82%
Turkey1.30 milAntalya
77%
Turkey1.74 milAdana
65%
China2.62 milAnshan
57%
Philippines1.49 milAngeles
54%
India1.40 milAmritsar
51%
India1.46 milAllahabad
40%
Iran1.38 milAhvaz
35%
China1.70 milAnyang
32%
India1.80 milAurangabad
32%
India1.61 milAsansol
29%

Score Distribution

Percentile by Number Answered

Percent of People with Each Score

Your Score History

You have not taken this quiz since the last reset